Velký počítačový slovník : Výklad pojmů, výrazů a zkratek z počítačové terminologie

Salvato in:
Dettagli Bibliografici
Autore principale: Nádběla, Josef (Autore)
Natura: Libro
Lingua:ceco
Pubblicazione: Kralice na Hané : Computer Media, 2006
Edizione:2.vyd.
Soggetti:
Tags: Aggiungi Tag
Nessun Tag, puoi essere il primo ad aggiungerne!!

MARC

LEADER 00000nam a22000003a 4500
001 stu114903
005 20220506103952.3
008 060321s2006----xr------------------cze-d
020 |a 80-86686-56-6 
040 |a STU  |b slo 
041 0 |a cze 
044 |a xr 
080 |a 681.4 
100 1 |a Nádběla, Josef  |4 aut 
245 1 |a Velký počítačový slovník :  |b Výklad pojmů, výrazů a zkratek z počítačové terminologie 
250 |a 2.vyd. 
260 |a Kralice na Hané :  |b Computer Media,  |c 2006 
300 |a 504 s 
650 7 |a slovník výkladový  |2 stusub 
996 |b 284EK86250  |c E*86250  |l EE01  |s A  |a 24  |w stu114903_0001